THE FALL (Record no. 1110)
[ view plain ]
| 000 -LEADER | |
|---|---|
| fixed length control field | 00320cam a2200157ua 4500 |
| 008 - FIXED-LENGTH DATA ELEMENTS--GENERAL INFORMATION | |
| fixed length control field | 120117n II |||gr||||Z||||||eng |
| 040 ## - CATALOGING SOURCE | |
| Original cataloging agency | MAIN |
| 041 ## - LANGUAGE CODE | |
| -- | English |
| 082 ## - DEWEY DECIMAL CLASSIFICATION NUMBER | |
| Classification number | 823 CAM |
| 100 ## - MAIN ENTRY--PERSONAL NAME | |
| Personal name | CAMPUS, ALBERT. |
| 245 ## - TITLE STATEMENT | |
| Title | THE FALL |
| 300 ## - PHYSICAL DESCRIPTION | |
| Dimensions | 20CM. |
| 942 ## - ADDED ENTRY ELEMENTS (KOHA) | |
| Koha item type | Books |
| 653 ## - INDEX TERM--UNCONTROLLED | |
| Uncontrolled term | English fiction |
| Withdrawn status | Lost status | Damaged status | Not for loan | Collection code | Home library | Current library | Shelving location | Date acquired | Full call number | Barcode | Date last seen | Copy number | Price effective from | Koha item type |
|---|---|---|---|---|---|---|---|---|---|---|---|---|---|---|
| Fiction | Central Library and Information Centre Sibsagar Girls College | Central Library and Information Centre Sibsagar Girls College | English Rack | 07.04.1968 | 823 CAM | 01212 | 27.02.2020 | 1 | 27.02.2020 | Books |